000 01315nam0a2200337 4500
001 RU\NLR\bibl\1292186
005 20250615144553.0
010 _a978-5-699-25760-7
_93000
021 _aRU
_b2008-73679
_94236
035 _a(nilc)EL/0000175344
035 _a(NLR Aleph) 001277851
090 _a480044
_c480044
100 _a20080220d2008 |||y0rusy50 ca
101 0 _arus
102 _aRU
105 _ay |||||||||
200 1 _aНовый квалификационный справочник должностей руководителей, специалистов и других служащих
_f[отв. ред. Т. Скуратова]
210 _aМосква
_cЭксмо
_d2008
215 _a412, [1] с.
_d20
225 1 _aОтдел кадров
606 1 _aСлужащие
_jКвалификационно-тарифные справочники
_xДолжности
_yРоссийская Федерация
_92142945
_3RU\NLR\auth\661291391
686 _a67.627.1
_vLBC/RL
_2rubbk
686 _aУ24(2)920.12я27
686 _aУ24(2)56я27
702 1 _aСкуратова
_bТ. В.
_4340
801 0 _aRU
_bНБР Удмуртия
_c20080220
_grcr
801 1 _aRU
_bНБР Удмуртия
_c20080220
801 2 _aRU
_bNLR
_c20081107
_grcr
942 _cBOOK
980 _aNB